MARC

LEADER 00000nam0a2200000 4500
001 269752
005 20231101234301.0
035 |a (RuTPU)RU\TPU\book\292930 
090 |a 269752 
100 |a 20140922d1987 k y0rusy50 ca 
101 0 |a rus 
102 |a RU 
105 |a a z 001zy 
200 1 |a Эксплуатация энергетического оборудования газопроводов Западной Сибири  |f В. А. Иванов, Г. В. Крылов, Л. Г. Графиков 
210 |a Москва  |c Недра  |d 1987 
215 |a 143 с.  |c ил. 
320 |a Библиогр.: с. 142 
606 1 |a Газопроводы   |2 stltpush  |3 (RuTPU)RU\TPU\subj\5106  |9 87770 
610 1 |a эксплуатация 
610 1 |a энергетическое оборудование 
610 1 |a Западная Сибирь 
610 1 |a газотурбинные установки 
610 1 |a надежность 
610 1 |a системы регулирования 
610 1 |a защита 
610 1 |a техническое обслуживание 
610 1 |a газоперекачивающие агрегаты 
610 1 |a инженерные системы 
610 1 |a компрессорные станции 
675 |a 622.691.4.052  |v 3 
700 1 |a Иванов  |b В. А.  |g Вадим Андреевич 
701 1 |a Крылов  |b Г. В.  |g Георгий Васильевич 
701 1 |a Графиков  |b Л. Г.  |g Леонид Гилязович 
801 1 |a RU  |b 63413507  |c 20140922 
801 2 |a RU  |b 63413507  |c 20170303  |g RCR 
942 |c BK